Bøkene i Bibelen: Det nye testamente - Statistics

General Stats
  • This quiz has been taken 101 times
  • The average score is 10 of 27
Answer Stats
Answer % Correct
Lukas
96%
Johannes
95%
Markus
91%
Matteus
91%
Johannes' åpenbaring (Book of Revelation)
69%
Apostlenes gjerninger
56%
Brevet til romerne
47%
Brevet til efeserne
38%
Judas' brev
35%
Jakobs brev
31%
Brevet til filipperne
29%
Peters 1. brev
29%
Peters 2. brev
29%
1. brev til korinterne
27%
2. brev til korinterne
27%
Brevet til galaterne
27%
Brevet til kolosserne
27%
Brevet til Filemon
24%
Brevet til Titus
24%
Brevet til hebreerne
20%
Johannes' 1. brev
18%
Johannes' 2. brev
18%
Johannes' 3. brev
16%
1. brev til tessalonikerne
15%
1. brev til Timoteus
15%
2. brev til tessalonikerne
15%
2. brev til Timoteus
15%
No matching quizzes found
Score Distribution
Percent of People with Each Score
Percentile by Number Answered
Your Score History
You have not taken this quiz